MARC

LEADER 00000nam a2200000 i 4500
001 24869
003 AGDB
005 20260324181537.0
008 231213s1946 xxk|||| |||| 0|0 0beng|
040 |a ES-BaBC  |b cat  |e rda  |c ES-BaBC 
080 |a 929Doré, Gustave  |2 2004 
100 |a Rose, Millicent  |e autor  |9 72595 
245 1 0 |a Gustave Doré /  |c by Millicent Rose 
246 1 4 |a Doré 
264 1 |a London :  |b Pleiades Books ,  |c 1946 
300 |a 68 pàg., 45 pàg. de làm. :  |b il. ;  |c 29 cm 
336 |a text  |b txt  |2 rdacontent 
337 |a sense mediació  |b n  |2 rdamedia 
338 |a volum  |b nc  |2 rdacarrier 
490 0 |a Pleiades art books 
500 |a Títol a la coberta: Doré 
500 |a Prové del fons Joan Junyer i Pascual (1909-1994) 
600 0 |a Doré, Gustave,  |d 1832-1883  |2 lemac  |9 72596 
650 |a Fons Joan Junyer i Pascual (1909-1994)  |9 72777 
650 0 |a Il·lustradors  |z França  |v Biografia  |2 lemac  |9 72597 
700 |a Doré, Gustave,  |d 1832-1883  |e il·lustrador  |9 72596 
908 |a BC 
940 |a BC 
942 |2 udc  |c ARXIU  |n 1 
952 |0 0  |1 0  |4 0  |6 F504109  |7 1  |9 98525  |a Arxiu  |b Arxiu  |d 2025-10-21  |l 0  |o F-504-109  |p 24869  |r 2025-10-21 12:56:15  |w 2025-10-21  |y ARXIU 
999 |c 130277  |d 130277